Planeamiento y motivación (Registro nro. 17530)
[ vista simple ]
| 000 -LEADER | |
|---|---|
| fixed length control field | 00319 a2200109 4500 |
| 001 - CONTROL NUMBER | |
| control field | ART_25993 |
| 005 - DATE AND TIME OF LATEST TRANSACTION | |
| control field | 20260410161727.0 |
| 008 - FIXED-LENGTH DATA ELEMENTS--GENERAL INFORMATION | |
| fixed length control field | 260409a |
| 100 1# - MAIN ENTRY--PERSONAL NAME | |
| Personal name | Hampton, David R. |
| 245 10 - TITLE STATEMENT | |
| Title | Planeamiento y motivación |
| 773 0# - HOST ITEM ENTRY | |
| Title | Administración de empresas |
| Related parts | - Año 6, Nº 68 (nov. 1975) |
| Record control number | REV2036 |
No hay ítems disponibles.